Normal view
MARC view
- Astor, Gerald
Entry Personal Name
001 - CONTROL NUMBER
- control field: 65176
003 - CONTROL NUMBER IDENTIFIER
- control field: NUST
005 - DATE AND TIME OF LATEST TRANSACTION
- control field: 20210628203408.0
008 - FIXED-LENGTH DATA ELEMENTS
- fixed length control field: 210628|| aca||aabn | a|a d
040 ## - CATALOGING SOURCE
- Original cataloging agency: NUST
- Transcribing agency: NUST
100 ## - HEADING--PERSONAL NAME
- Personal name: Astor, Gerald
670 ## - SOURCE DATA FOUND
- Source citation: Work cat.: (NUST): Astor, Gerald, The jungle war, mavericks, marauders and madmen in the china-burma-india theater of world war-ii, 2004
